000 00891nac a22002171u 4500
010 _a009387145
020 _a0892810467
022 _a0042970423
082 _a297.63
_bL647
090 _c3853
_d3853
100 _aLings, Martin,
245 _aMuhammad : his life based on the earliest sources .
_b his life based on the earliest sources /
_cby Martin Lings
260 _aLondon :
_bIslamic Texts Society, 1983.
_cC.1983.
300 _a 359p. :
_b1geneal.table,1map ;
_c 24cm.
500 _aIncludes index.
650 _aMurhammad, Prophet, d. 632 -- Biography.
650 _aMuslims -- Saudi Arabia -- Biography.
650 _aIslam Muhammad (Prophet) _ Biographies
942 _cBB
_k297.63 L647
999 _c3853
_d3853